Role of the private sector in housing renewal (Record no. 36456)

MARC details
000 -LEADER
fixed length control field 00961cab a2200265 4500
001 - CONTROL NUMBER
control field ABS46749
008 - FIXED-LENGTH DATA ELEMENTS--GENERAL INFORMATION
fixed length control field 090401t1992 xxu||||| |||| 00| 0 eng d
035 ## - SYSTEM CONTROL NUMBER
System control number (Sirsi) u59418
041 ## - LANGUAGE CODE
Language code of text/sound track or separate title eng
100 ## - MAIN ENTRY--PERSONAL NAME
Personal name Mackintosh, S.
245 ## - TITLE STATEMENT
Title Role of the private sector in housing renewal
260 ## - PUBLICATION, DISTRIBUTION, ETC.
Date of publication, distribution, etc. 1992
350 ## - PRICE (NR) (BK AM CF MU VM SE) [OBSOLETE]
Price 0
490 ## - SERIES STATEMENT
Series statement Housing Studies
Volume/sequential designation 7(3) 1992, 205-215(11)
520 ## - SUMMARY, ETC.
Summary, etc. Discusses the influence of the Neighbourhood Revitalisation Services (NRS) initiatives introduced in the UK in the 1980s based on a concept of the Neighborhood Housing Services (NHS) scheme in the USA aimed at encouraging private sector involvement in inner city housing renewal initiatives. References.
650 ## - SUBJECT ADDED ENTRY--TOPICAL TERM
Topical term or geographic name entry element INNER CITIES
650 ## - SUBJECT ADDED ENTRY--TOPICAL TERM
Topical term or geographic name entry element NEIGHBOURHOOD REVITALISATION SERVICES
650 ## - SUBJECT ADDED ENTRY--TOPICAL TERM
Topical term or geographic name entry element PRIVATE SECTOR
650 ## - SUBJECT ADDED ENTRY--TOPICAL TERM
Topical term or geographic name entry element SLUM CLEARANCE
650 ## - SUBJECT ADDED ENTRY--TOPICAL TERM
Topical term or geographic name entry element SOCIAL HOUSING
690 ## - LOCAL SUBJECT ADDED ENTRY--TOPICAL TERM (OCLC, RLIN)
Topical term or geographic name as entry element HOUSING
700 ## - ADDED ENTRY--PERSONAL NAME
Personal name Leather, P.
942 ## - ADDED ENTRY ELEMENTS (KOHA)
Suppress in OPAC 0
948 ## - LOCAL PROCESSING INFORMATION (OCLC); SERIES PART DESIGNATOR (RLIN)
c (OCLC) 04/03/1997
Holdings
Withdrawn status Lost status Source of classification or shelving scheme Damaged status Not for loan Home library Current library Shelving location Date acquired Total Checkouts Full call number Barcode Date last seen Copy number Price effective from Koha item type
    Dewey Decimal Classification     London London Journal article 14/09/1999   ABS46749 59418-1001 06/08/2019 1 06/08/2019 Journal article